[Event "Buenos Aires Najdorf qual"]
[Site "Buenos Aires"]
[Date "1992.??.??"]
[Round "2"]
[White "Bronstein, Luis"]
[Black "Burijovich, Liliana"]
[Result "1/2-1/2"]
[WhiteElo "2365"]
[BlackElo "2190"]

1.e4 c5 2.Nf3 e6 3.Nc3 Nc6 4.d4 cxd4 5.Nxd4 Qc7 6.Be3 a6 7.Bd3 Nf6 8.O-O b5
9.Nxc6 Qxc6 10.e5 Bb7 11.Qf3 b4 12.Qxc6 Bxc6 13.exf6 bxc3 14.bxc3 gxf6 15.Rab1 Rg8
16.f3 Bd6 17.Bxh7 Rh8 18.Bd3 Bxh2+ 19.Kf2 Be5 20.Bd4 Ke7 21.Rfd1 a5 22.Bb5 Bxd4+
23.Rxd4 Rhc8 24.Bxc6 Rxc6 25.Rb7 Rd6 26.Ke3 Rc8 27.Kd3 Rc5 28.c4 f5 29.f4 f6
30.a4 e5 31.Rxd6 Kxd6  1/2-1/2

[Event "Buenos Aires Najdorf qual"]
[Site "Buenos Aires"]
[Date "1992.??.??"]
[Round "8"]
[White "Playa, Marcelo"]
[Black "Burijovich, Liliana"]
[Result "1-0"]
[WhiteElo "2390"]
[BlackElo "2190"]

1.e4 c5 2.Ne2 e6 3.Nbc3 Nc6 4.d4 cxd4 5.Nxd4 Qc7 6.g3 a6 7.Bg2 d6 8.O-O Bd7
9.Be3 Ne5 10.f4 Nc4 11.Bc1 Qb6 12.b3 Rc8 13.bxc4 Rxc4 14.Ne2 e5 15.Be3 exd4
16.Bxd4 Qc7 17.c3 Ne7 18.e5 Nf5 19.Bd5 Rc5 20.Qb3 Bb5 21.Bxc5 Qxc5+ 22.Rf2 Bxe2
23.Qxb7 Ne7 24.Qa8+ Kd7 25.Bxf7 Bb5 26.Be8+ Kc7 27.exd6+ Qxd6 28.Bxb5 axb5
29.a4 bxa4 30.Rb1 Qc5 31.Rb7+ Kd6 32.Qa6+ Nc6 33.Qd3+ Nd4 34.cxd4 Qc1+ 35.Rf1 Qc6
36.Rfb1  1-0

[Event "Buenos Aires Najdorf qual"]
[Site "Buenos Aires"]
[Date "1992.??.??"]
[Round "10"]
[White "Fiorito, Fabian"]
[Black "Spangenberg, Hugo"]
[Result "0-1"]
[WhiteElo "2410"]
[BlackElo "2305"]

1.e4 c5 2.Nf3 e6 3.d4 cxd4 4.Nxd4 Nc6 5.Nc3 Qc7 6.f4 a6 7.Nxc6 Qxc6 8.Bd3 b5
9.Qe2 Bb7 10.Bd2 Nf6 11.e5 b4 12.exf6 bxc3 13.Bxc3 gxf6 14.O-O-O Be7 15.Rhg1 Qa4
16.Kb1 Qxf4 17.g3 Qh6 18.g4 Rg8 19.Qf2 Rc8 20.Bd2 Qh3 21.Rg3 Qh4 22.Qf1 Qxh2
23.Rg1 Bc5 24.Qxf6 Bxg1 25.Bf4 Qf2 26.Rf1 Qc5 27.Bxh7 Bd4 28.Qh4 Qb5  0-1

[Event "BUL-ch"]
[Site "BUL"]
[Date "1992.??.??"]
[Round "1"]
[White "Ermenkov, Evgenij"]
[Black "Semkov, Semko"]
[Result "1-0"]
[WhiteElo "2505"]
[BlackElo "2480"]

1.e4 c5 2.Nf3 e6 3.d4 cxd4 4.Nxd4 Nc6 5.Nc3 Qc7 6.Be2 a6 7.O-O Nf6 8.Be3 Be7
9.f4 d6 10.Qe1 O-O 11.Qg3 Kh8 12.Rad1 Bd7 13.Kh1 Rae8 14.a3 Bd8 15.Nf3 Ne7
16.Bd3 Ng6 17.e5 dxe5 18.fxe5 Nd5 19.Nxd5 exd5 20.Bd4 Bb5 21.Bxb5 axb5 22.Bc3 Qd7
23.Rf2 f6 24.exf6 Bxf6 25.Bxf6 Rxf6 26.Nd4 Rxf2 27.Qxf2 Qg4 28.Rf1 h6 29.h3 Qe4
30.Qd2 Re5 31.Rf7 Rg5 32.Nf3 Rf5 33.Rxb7 Ne5 34.Qd4 Qe2 35.Nxe5 Qe1+ 36.Kh2 Rxe5
37.Rxb5 Re3 38.Qf4 Re5 39.c4 Rg5  1-0

[Event "Calimanesti (Women)"]
[Site "Calimanesti"]
[Date "1992.??.??"]
[Round "?"]
[White "Baciu Ionescu, Otilia"]
[Black "Strutinskaya, Galina N"]
[Result "1-0"]
[WhiteElo "2065"]
[BlackElo "2265"]

1.e4 c5 2.Nf3 Nc6 3.Nc3 e6 4.d4 cxd4 5.Nxd4 Nf6 6.Nxc6 bxc6 7.e5 Nd5 8.Ne4 Qa5+
9.Bd2 Nb4 10.Bc3 Qd5 11.Qxd5 Nxc2+ 12.Kd2 cxd5 13.Kxc2 dxe4 14.g3 Bc5 15.Bg2 Bb7
16.Rhe1 Bxf2 17.Re2 Bc5 18.Bxe4 Rb8 19.Rd1 Ke7 20.b4 Bb6 21.a4 Rhc8 22.Kb3 a6
23.Bd4 Ba5 24.Ba7 Bxe4 25.Bxb8 Bf3 26.Bd6+ Ke8 27.Rdd2 Bxe2 28.bxa5 Bf3 29.Rd4 f6
30.exf6 gxf6 31.Rh4 Rc6 32.Bb4 h5 33.Bc3 e5 34.Rb4 Re6 35.Rb6 Bc6 36.Ka3 e4
37.Rxa6 e3 38.Rb6 e2 39.Rb1 Bf3 40.Be1 Rd6 41.Rb3  1-0

[Event "Canada zt"]
[Site "Canada"]
[Date "1992.??.??"]
[Round "7"]
[White "Huber, Gregory"]
[Black "Nickoloff, Bryon"]
[Result "1-0"]
[WhiteElo "2320"]
[BlackElo "2420"]

1.e4 c5 2.Nc3 e6 3.Nge2 Nc6 4.d4 cxd4 5.Nxd4 Nf6 6.Be3 Bb4 7.Bd3 d5 8.exd5 Nxd5
9.Nxc6 bxc6 10.Bd2 Nxc3 11.bxc3 Bd6 12.Qg4 Be5 13.O-O Qd6 14.f4 Bf6 15.Rad1 Qc5+
16.Kh1 g6 17.Qf3 Bg7 18.Be4 Bd7 19.Be3 Qxc3 20.Rd3 Qc4 21.Rfd1 f5 22.Rxd7 fxe4
23.Qh3 O-O 24.Bd4 Rf7 25.Rxf7 Kxf7 26.Qxh7 Rg8 27.Be5 e3 28.Rd7+ Ke8 29.Qxg8+ Kxd7
30.Qxg7+ Kd8 31.Qf8+ Kd7 32.Qd6+ Ke8 33.Qb8+ Kd7 34.Qxa7+ Ke8 35.Qxe3  1-0

[Event "Candas op"]
[Site "Candas"]
[Date "1992.??.??"]
[Round "2"]
[White "Mainka, Romuald"]
[Black "Langeweg, Kick"]
[Result "1-0"]
[WhiteElo "2455"]
[BlackElo "2405"]

1.e4 c5 2.Nf3 e6 3.d4 cxd4 4.Nxd4 Nc6 5.Nc3 Qc7 6.Be3 a6 7.Bd3 Nf6 8.O-O Ne5
9.h3 Bc5 10.Na4 Ba7 11.c4 d6 12.Rc1 Nxd3 13.Qxd3 Nd7 14.Nf3 Bxe3 15.Qxe3 b6
16.Rfd1 Bb7 17.Qd4 Ke7 18.b4 Rad8 19.Qxg7 Bxe4 20.Ng5 Bg6 21.Re1 e5 22.c5 bxc5
23.bxc5 d5 24.Nb6 Nf6 25.Nxd5+ Rxd5 26.Qxh8 Rxc5 27.Rxc5 Qxc5 28.Qb8 e4 29.Nf3 Nd7
30.Qb2 Kd8 31.Rc1 Qd5 32.Nd4 Ne5  1-0

[Event "Cannes Martinez op"]
[Site "Cannes"]
[Date "1992.??.??"]
[Round "?"]
[White "Doornbos, Yann"]
[Black "Basart, Josep Maria"]
[Result "1-0"]
[WhiteElo "2230"]
[BlackElo "2295"]

1.e4 c5 2.Nf3 e6 3.d4 cxd4 4.Nxd4 Nc6 5.Nc3 Qc7 6.g3 a6 7.Bg2 Nf6 8.O-O Be7
9.Re1 Nxd4 10.Qxd4 Bc5 11.Bf4 d6 12.Qd2 e5 13.Bg5 Be6 14.Bxf6 gxf6 15.Qh6 O-O-O
16.Qxf6 h5 17.Nd5 Bxd5 18.exd5 h4 19.c3 hxg3 20.hxg3 Kb8 21.Be4 Rh3 22.Kg2 Rdh8
23.Rf1 Qb6 24.b4 Bxf2 25.Rxf2 Qe3 26.Qf3 Rh2+ 27.Kg1 Rh1+ 28.Qxh1 Rxh1+ 29.Bxh1 Qxg3+
30.Bg2 Qxc3 31.Rb1 Qd3 32.Rbf1 Qd4 33.Kh2 e4 34.Rxf7 e3 35.R7f4 Qe5 36.Kg3 Qg5+
37.Rg4 Qe5+ 38.Rgf4 Qg5+ 39.Rg4 Qe5+ 40.Kf3 e2 41.Re1 Qc3+ 42.Kxe2 Ka7 43.Kf2 Kb6
44.Bf3 a5 45.bxa5+ Kxa5 46.Re7 b5 47.Kg3 Qc1 48.Rg6 Qd2 49.Re8 Kb4 50.Rxd6  1-0

[Event "Cappelle op"]
[Site "Cappelle la Grande"]
[Date "1992.??.??"]
[Round "2"]
[White "Georgiev, Vladimir"]
[Black "Degraeve, Jean Marc"]
[Result "1-0"]
[WhiteElo "2300"]
[BlackElo "2470"]

1.e4 c5 2.Nf3 Nc6 3.Nc3 e6 4.d4 cxd4 5.Nxd4 Nf6 6.Be3 Bb4 7.Bd3 d5 8.exd5 Nxd5
9.Nxc6 bxc6 10.Bd2 Nxc3 11.bxc3 Bd6 12.O-O Qh4 13.g3 Qa4 14.Re1 O-O 15.Re4 Qa5
16.c4 Bb4 17.Bxb4 Qxb4 18.Rb1 Qc5 19.Qe2 f6 20.Rh4 g6 21.Qe4 Rf7 22.Qd4 Qf8
23.c5 Rd7 24.Qe4 Rc7 25.Bc4 Kg7 26.Qf4 Re7 27.Bd3 Rd7 28.Qe3 Qe7 29.Qh6+ Kg8
30.Bxg6 Ba6 31.Rg4  1-0

[Event "Cappelle op"]
[Site "Cappelle la Grande"]
[Date "1992.??.??"]
[Round "6"]
[White "Feher, Gyula"]
[Black "Delekta, Piotr"]
[Result "1/2-1/2"]
[WhiteElo "2405"]
[BlackElo "2265"]

1.e4 c5 2.Nf3 e6 3.d4 cxd4 4.Nxd4 Nc6 5.Nc3 a6 6.Be2 d6 7.O-O Nf6 8.f4 Be7
9.Be3 O-O 10.Bf3 Qc7 11.a4 Bd7 12.Nb3 Na5 13.Nxa5 Qxa5 14.Qe1 Rfe8 15.g4 Bc6
16.g5 Nd7 17.Nd5 Qd8 18.Nxe7+ Qxe7 19.a5 f6 20.h4 d5 21.Bd4 e5 22.fxe5 fxe5
23.Bf2  1/2-1/2

[Event "Catalunya-ch"]
[Site "?"]
[Date "1992.??.??"]
[Round "2"]
[White "De la Riva Aguado, Oscar"]
[Black "Fernandez, A."]
[Result "1-0"]
[WhiteElo "2380"]
[BlackElo "2325"]

1.e4 c5 2.Nf3 e6 3.d4 cxd4 4.Nxd4 Nc6 5.Nc3 Qc7 6.g3 a6 7.Bg2 d6 8.O-O Bd7
9.Be3 Nf6 10.f4 Na5 11.Kh1 Be7 12.Qe2 Rc8 13.g4 Qc4 14.Qf3 h5 15.gxh5 Nxh5
16.Rad1 Qb4 17.Bc1 Nc4 18.a3 Qc5 19.Nce2 g6 20.b3 e5 21.bxc4 exd4 22.Nxd4 Qxc4
23.e5 dxe5 24.fxe5 Bc5 25.e6  1-0

[Event "Cattolica op"]
[Site "Cattolica"]
[Date "1992.??.??"]
[Round "4"]
[White "Stodola, Jaroslav"]
[Black "Horvath, Gyula"]
[Result "0-1"]
[WhiteElo "2230"]
[BlackElo "2420"]

1.e4 c5 2.Nf3 e6 3.d4 cxd4 4.Nxd4 Nc6 5.Nc3 Qc7 6.Be2 a6 7.O-O b5 8.Nxc6 Qxc6
9.Bf3 Bb7 10.e5 Qc7 11.Re1 Ne7 12.Bf4 Nf5 13.Ne4 Rc8 14.Rc1 Be7 15.c4 bxc4
16.b3 Qb6 17.bxc4 Nh4 18.Bh5 Bxe4 19.Rxe4 Qc6 20.Qd3 O-O 21.g3 Ng6 22.Be3 Bc5
23.Re1 Rc7 24.h4 Bxe3 25.R1xe3 Qc5 26.Be2 f5 27.exf6 Rxf6 28.h5 Ne7 29.g4 Nc6
30.f4 Nb4 31.Qb3 d5 32.Re5 Nc6 33.g5 Nd4 34.Qd3 Rxf4 35.cxd5 Nf5 36.dxe6 Nxe3
37.Rxe3 Qxg5+ 38.Rg3 Rc1+ 39.Kg2 Qh4 40.Rh3 Qf2+  0-1

[Event "Cebu"]
[Site "Cebu"]
[Date "1992.??.??"]
[Round "8"]
[White "Rodriguez, Ruben"]
[Black "Murshed, Niaz"]
[Result "1/2-1/2"]
[WhiteElo "2415"]
[BlackElo "2505"]

1.e4 c5 2.Nc3 Nc6 3.Nf3 e6 4.d4 cxd4 5.Nxd4 Qc7 6.g3 a6 7.Bg2 d6 8.O-O Be7
9.Nce2 Nf6 10.c4 Nxd4 11.Qxd4 O-O 12.b3 Bd7 13.Ba3 Bc6 14.Qd3 Rfd8 15.Nd4 Ng4
16.Qe2 Ne5 17.f4 Qb6 18.Rad1 Bf8 19.Kh1 Ng6 20.f5 exf5 21.Nxc6 bxc6 22.exf5 Ne5
23.c5 Qa5 24.cxd6 Qxa3 25.Qxe5 Rxd6 26.Rxd6 Qxd6 27.Qxd6 Bxd6 28.Bxc6 Rd8
29.f6 Be5 30.fxg7 Kxg7 31.Rf2 Bc3 32.Rf3 Be5 33.Re3 Rd1+ 34.Kg2 Rd2+ 35.Kf1 f6
36.a3 Rxh2 37.Bg2 Rh5 38.Rd3 Rg5 39.Kf2 a5 40.b4 axb4 41.axb4 Rg4 42.Rb3 Bd6  1/2-1/2

[Event "JUG-chT"]
[Site "Cetinje"]
[Date "1992.??.??"]
[Round "?"]
[White "Bokan, Danko"]
[Black "Tosic, Miroslav"]
[Result "0-1"]
[WhiteElo "2220"]
[BlackElo "2435"]

1.e4 c5 2.Nf3 Nc6 3.d4 cxd4 4.Nxd4 e6 5.Nc3 d6 6.Be3 a6 7.Bc4 Qc7 8.Qe2 Nf6
9.Bb3 Be7 10.O-O-O O-O 11.Rhg1 b5 12.g4 Na5 13.g5 Nxb3+ 14.axb3 Nd7 15.Qh5 g6
16.Qh6 Re8 17.Rg3 Bf8 18.Qh4 b4 19.Rh3 h5 20.Nce2 Bb7 21.Ng3 Bg7 22.Kb1 Rac8
23.Rc1 d5 24.f4 dxe4 25.f5 exf5 26.Nxh5 gxh5 27.Qxh5 Re5 28.Qh7+ Kf8 29.Bf4 Qc5
30.Bxe5 Qxe5 31.c3 e3 32.Re1 Be4+ 33.Nc2 Bxc2+ 34.Kxc2 Rxc3+ 35.Kd1 Qd4+
36.Ke2 Qd2+ 37.Kf3 Qf2+  0-1

[Event "JUG-chT"]
[Site "Cetinje"]
[Date "1992.??.??"]
[Round "?"]
[White "Bokan, Danko"]
[Black "Bakic, Rados"]
[Result "0-1"]
[WhiteElo "2220"]
[BlackElo "2410"]

1.e4 c5 2.Nf3 Nc6 3.d4 cxd4 4.Nxd4 e6 5.Nc3 Qc7 6.Be2 a6 7.O-O Nf6 8.Kh1 Nxd4
9.Qxd4 Bc5 10.Qd3 h5 11.f4 Ng4 12.Bxg4 hxg4 13.Be3 b5 14.Bxc5 Qxc5 15.e5 Bb7
16.Ne4 Bxe4 17.Qxe4 Rc8 18.f5 Qc4 19.Qe3 exf5 20.Rxf5 Qxc2 21.Raf1 g3 22.h4 Rxh4+
23.Kg1 Rc6 24.e6 dxe6 25.Qxg3 exf5 26.Qxh4 Qc5+ 27.Rf2 Qc1+ 28.Rf1 Qe3+ 29.Rf2 Rc2
30.Qh8+ Kd7 31.Qh4 Qxf2+  0-1

[Event "JUG-chT"]
[Site "Cetinje"]
[Date "1992.??.??"]
[Round "?"]
[White "Aleksic, Nenad"]
[Black "Vukic, Milan"]
[Result "1/2-1/2"]
[WhiteElo "2410"]
[BlackElo "2515"]

1.e4 c5 2.Nf3 e6 3.Nc3 Nc6 4.d4 cxd4 5.Nxd4 Nf6 6.Ndb5 d6 7.Bf4 e5 8.Bg5 a6
9.Na3 b5 10.Bxf6 gxf6 11.Nd5 f5 12.g3 fxe4 13.Bg2 Be6 14.Bxe4 Rc8 15.c3 Bg7
16.Qh5 Ne7 17.Rd1 Rc5 18.Nb4 Qb6 19.Qg5 Kf8 20.Qe3 f5 21.Bg2 e4 22.O-O a5
23.Nbc2 b4 24.cxb4 axb4 25.Nd4 Bxa2 26.Nac2 Bc4 27.Rfe1 h5 28.Qg5 Kf7 29.Bf3 Qc7
30.Bxh5+ Kg8 31.Be2 Bf7 32.Nxb4 Qd7 33.Na6 Re5 34.Bf1 Rh6 35.Nf3 Ra5 36.Nh4 Ra2
37.Rc1 Rh5 38.Qe3 Rxb2 39.Rc7 Qe6 40.Qa7 Bf6  1/2-1/2

[Event "JUG-chT"]
[Site "Cetinje"]
[Date "1992.??.??"]
[Round "?"]
[White "Aleksic, Nenad"]
[Black "Rajkovic, Dusan"]
[Result "1/2-1/2"]
[WhiteElo "2410"]
[BlackElo "2450"]

1.e4 c5 2.Nf3 e6 3.Nc3 Nc6 4.d4 cxd4 5.Nxd4 a6 6.g3 Qb6 7.Nb3 Qc7 8.Bg2 Nf6
9.O-O d6 10.a4 b6 11.f4 Bb7 12.Be3 Be7 13.Kh1 O-O 14.Qe2 e5 15.f5 Nb4 16.Bg5 Rac8
17.Bxf6 Bxf6 18.Rad1 Rfd8 19.Nc1 h6 20.Nd3 Qc4 21.Qf2 b5 22.axb5 axb5 23.h4 Nxc2
24.Qxc2 b4 25.Nxb4 Qxb4 26.Rf2 Rc4 27.Rfd2 Rd4 28.Kh2 Rc8 29.Ra1 Qc5 30.Qd1 Rb8
31.Qe2 Bc6 32.Ra6 Bd8 33.Rc2 Bb7 34.Ra1 Qb6 35.Rac1 Ba6 36.Qh5 Bd3 37.Nd5 Rxd5
38.exd5 Bxc2 39.Rxc2 e4 40.Bxe4 Bf6 41.Bg2 Bxb2 42.Qg4 Bf6 43.Rc6 Qd8 44.Qc4 Be5
45.Rc7 Qe8 46.Kh3  1/2-1/2

[Event "JUG-chT"]
[Site "Cetinje"]
[Date "1992.??.??"]
[Round "?"]
[White "Miranovic, Rajko"]
[Black "Zarkovic, Jugoslav"]
[Result "1-0"]
[WhiteElo "2380"]
[BlackElo "2385"]

1.e4 c5 2.Nf3 e6 3.d4 cxd4 4.Nxd4 Nc6 5.Nc3 Qc7 6.Be2 a6 7.O-O Nf6 8.a4 Bb4
9.Bg5 Bxc3 10.Bxf6 gxf6 11.bxc3 Ne7 12.Qd2 d5 13.exd5 Nxd5 14.c4 Nf4 15.Bf3 O-O
16.Rfd1 Ng6 17.Qh6 e5 18.Ne2 Qxc4 19.Qe3 f5 20.Bd5 Qxc2 21.f4 e4 22.Nc3 Be6
23.Rd2 Qxd2 24.Qxd2 Rad8 25.Qa2 Rd6 26.Bxe6 fxe6 27.Rd1 Rxd1+ 28.Nxd1 Nxf4
29.Qd2 e5 30.Qd6 Ng6 31.Nc3 e3 32.h4 Nxh4 33.Qd5+ Kg7 34.Qxe5+ Kg8 35.Qd5+  1-0

[Event "JUG-chT"]
[Site "Cetinje"]
[Date "1992.??.??"]
[Round "?"]
[White "Misailovic, Nebojsa"]
[Black "Kontic, Djordje"]
[Result "0-1"]
[WhiteElo "2430"]
[BlackElo "2375"]

1.e4 c5 2.Nc3 e6 3.Nf3 Nc6 4.d4 cxd4 5.Nxd4 Qc7 6.g3 a6 7.Bg2 h5 8.Nb3 h4
9.O-O hxg3 10.hxg3 Nf6 11.Qe2 Ne5 12.Bg5 Bb4 13.Nd1 Qc4 14.Qxc4 Nxc4 15.c3 Be7
16.Re1 Ng4 17.Bxe7 Kxe7 18.Nd4 g5 19.b3 Nce5 20.Ne3 Nxe3 21.Rxe3 g4 22.f4 gxf3
23.Nxf3 d6 24.a4 Bd7 25.Nxe5 dxe5 26.a5 Bc6 27.Rd1 Rh7 28.c4 Rah8 29.Rd2 Kf6
30.b4 Kg5 31.Rb2 f5 32.b5 Bxe4 33.Bxe4 fxe4 34.Rg2 Rh1+ 35.Kf2 Rf8+ 36.Ke2 Rb1  0-1

[Event "JUG-chT"]
[Site "Cetinje"]
[Date "1992.??.??"]
[Round "?"]
[White "Muhutdinov, Marat"]
[Black "Barlov, Dragan"]
[Result "1-0"]
[WhiteElo "2425"]
[BlackElo "2475"]

1.e4 c5 2.Nf3 Nc6 3.Nc3 e6 4.d4 cxd4 5.Nxd4 Qc7 6.g3 a6 7.Bg2 d6 8.O-O Bd7
9.Re1 Nxd4 10.Qxd4 Ne7 11.Be3 Nc6 12.Qd2 Ne5 13.Bd4 Nc6 14.Be3 b5 15.a4 b4
16.Na2 a5 17.c3 b3 18.Nc1 Rb8 19.Ra3 Ne5 20.Rxb3 Rxb3 21.Nxb3 Nc4 22.Qe2 Be7
23.Ra1 Nxe3 24.Qxe3 Qb8 25.Nd2 O-O 26.b3 Rc8 27.Bf1 h6 28.Bc4 Bf6 29.Rc1 Bg5
30.f4 Bd8 31.Kf1 Rxc4 32.bxc4 Bxa4 33.Rb1 Qc7 34.e5 Bc6 35.exd6 Qxd6 36.Qd4 Qc7
37.Ne4 Be7 38.c5 a4 39.Nd6 Bd5 40.Ne8  1-0

[Event "JUG-chT"]
[Site "Cetinje"]
[Date "1992.??.??"]
[Round "?"]
[White "Mukhametov, Eldar"]
[Black "Rajkovic, Dusan"]
[Result "1-0"]
[WhiteElo "2395"]
[BlackElo "2450"]

1.e4 c5 2.Nf3 e6 3.d4 cxd4 4.Nxd4 Nc6 5.Nc3 Qc7 6.Be2 a6 7.O-O Nf6 8.Be3 d6
9.f4 Be7 10.a4 O-O 11.Kh1 Re8 12.Bd3 Nxd4 13.Bxd4 e5 14.Bg1 exf4 15.Rxf4 Be6
16.Nd5 Bxd5 17.exd5 Rf8 18.Bd4 Ne8 19.Qh5 g6 20.Qh6 f5 21.Bxf5  1-0

[Event "JUG-chT"]
[Site "Cetinje"]
[Date "1992.??.??"]
[Round "?"]
[White "Maric, Mirjana"]
[Black "Micic, Snezana"]
[Result "1/2-1/2"]
[WhiteElo "2255"]
[BlackElo "2205"]

1.e4 c5 2.Nf3 Nc6 3.d4 cxd4 4.Nxd4 e6 5.Nc3 Qc7 6.Be2 a6 7.O-O Nf6 8.Be3 Be7
9.f4 d6 10.Bf3 O-O 11.Nxc6 bxc6 12.Na4 Bb7 13.c4 c5 14.Nc3 Nd7 15.Qc2 Rad8
16.Rad1 Nb8 17.a3 Nc6 18.Ne2 Rfe8 19.Rd3 e5 20.Nc3 Nd4 21.Bxd4 cxd4 22.Ne2 Rc8
23.b3 f5 24.Rdd1 d5 25.exd5 e4 26.Nxd4 exf3 27.Nxf3 Qc5+ 28.Kh1 Bxd5 29.Qxf5 Bxf3
30.Qe6+ Kh8 31.Rxf3 Bf6 32.Qxa6 Ra8 33.Qb7 Qxa3 34.h3 Rab8 35.Qc6 Rec8 36.Qe6 h6
37.Kh2 Re8 38.Qc6 Qa2 39.Rg3 Re2 40.Rd7 Re7 41.Rxe7 Bxe7 42.Qc7 Rxb3 43.Qxe7 Rxg3
44.Kxg3 Qxc4 45.Kg4 Qc8+ 46.Kh4 Qf5 47.Qe5 Qc2 48.g4 Qg2 49.Qf5 Qc6 50.Qd3 Qc8
51.Kg3 Qc1 52.Kg2 Qc7 53.Qe4 Qc3 54.Kh2 Kg8 55.Qe8+ Kh7 56.Qe4+ Kg8 57.Kg2 Kh8
58.Qf3 Qc7 59.Qf2 Qc3 60.Qe2 Kg8 61.Qf2 Qd3 62.h4 Qe4+ 63.Kg3 Qd5 64.Qe3 Qd6
65.g5 hxg5 66.hxg5 g6 67.Qe8+ Kh7 68.Qe3 Qd5 69.Qe7+ Kg8 70.Qe5 Qd3+ 71.Kg2 Qd2+
72.Kf3 Qd3+ 73.Qe3 Qc2 74.Qe4 Qc3+ 75.Ke2 Kf7 76.Qb7+ Ke6 77.Qe4+ Kf7 78.Qd3 Qxd3+
79.Kxd3 Ke7 80.Ke3 Kd7 81.Kd3 Ke7 82.Kc4 Ke6 83.Kd4 Kd6 84.Ke3 Kd7 85.Kf3 Ke7
86.Kg3 Kf7 87.Kg4 Ke6 88.Kh4 Kf7 89.Kg3 Ke7 90.Kf3 Kd6 91.Ke3 Kd7 92.Ke4 Ke6
93.Kd4 Kd6 94.Kc4  1/2-1/2

[Event "JUG-chT"]
[Site "Cetinje"]
[Date "1992.??.??"]
[Round "?"]
[White "Vujacic, Borivoje"]
[Black "Paunovic, Dragan"]
[Result "1/2-1/2"]
[WhiteElo "2330"]
[BlackElo "2440"]

1.e4 c5 2.Nf3 Nc6 3.d4 cxd4 4.Nxd4 e6 5.Nc3 Qc7 6.Be2 a6 7.Be3 Nf6 8.O-O Be7
9.f4 d6 10.a4 O-O 11.Kh1 Rd8 12.Bd3 Bd7 13.Nb3 b6 14.g4 Bc8 15.g5 Nd7 16.f5 Bf8
17.fxe6 fxe6 18.Qh5 Nde5 19.Rf2 g6 20.Qh3 Bg7 21.Raf1 Bd7 22.Be2 Rf8 23.Rxf8+ Bxf8
24.Nd4 Bg7 25.Qg3 Nxd4 26.Bxd4 Qb7 27.Qe3 b5 28.axb5 axb5 29.Nd1 Bc6 30.Nf2 Ra4
31.c3 b4 32.Kg1 bxc3 33.bxc3 Ra8 34.Qh3 Qe7 35.Qe3 Nf7 36.Bxg7 Kxg7 37.h4 Ne5
38.Rd1 Ra2 39.Rd2 Rxd2 40.Qxd2 Bb5 41.Kg2 Bxe2 42.Qxe2 h5 43.gxh6+ Kxh6 44.Ng4+ Nxg4
45.Qxg4 Qf6 46.Qg3 d5 47.exd5 exd5 48.Qd3  1/2-1/2

[Event "JUG-chT"]
[Site "Cetinje"]
[Date "1992.??.??"]
[Round "?"]
[White "Velimirovic, Dragoljub"]
[Black "Ristic, Nebojsa"]
[Result "1-0"]
[WhiteElo "2525"]
[BlackElo "2410"]

1.e4 c5 2.Nf3 e6 3.d4 cxd4 4.Nxd4 Nc6 5.Nc3 Qc7 6.Be2 a6 7.O-O Nf6 8.Kh1 d6
9.f4 Be7 10.f5 Nxd4 11.Qxd4 Bd7 12.Be3 Rc8 13.a4 O-O 14.Rad1 Rfe8 15.fxe6 fxe6
16.Bf2 Rf8 17.Bg3 Ne8 18.e5 Rxf1+ 19.Bxf1 Qa5 20.exd6 Bf6 21.Qe4 Bxc3 22.bxc3 Nf6
23.Qxb7 Qxa4 24.Bd3 Rxc3 25.Rf1 Qc6 26.Qb2 Bc8 27.Be5 Bb7 28.Rf3 Rxd3 29.cxd3 Ng4
30.Bxg7 Qxd6 31.Rf8+  1-0

[Event "JUG-chT"]
[Site "Cetinje"]
[Date "1992.??.??"]
[Round "?"]
[White "Spajic, Lidija"]
[Black "Kokanovic, Ksenija"]
[Result "1-0"]
[WhiteElo "2120"]
[BlackElo "2175"]

1.e4 c5 2.Nf3 Nc6 3.d4 cxd4 4.Nxd4 e6 5.Nc3 Qc7 6.Be3 a6 7.Be2 Nf6 8.O-O Bb4
9.Nxc6 bxc6 10.Bd3 O-O 11.f4 d6 12.Qf3 e5 13.f5 Bb7 14.Ne2 d5 15.Ng3 Be7
16.c3 c5 17.exd5 Nxd5 18.Be4 Nxe3 19.Qxe3 c4 20.Kh1 f6 21.Qe2 Rab8 22.Rfd1 Bxe4
23.Nxe4 Rfd8 24.h3 g6 25.fxg6 hxg6 26.Rxd8+ Rxd8 27.Rd1 Rxd1+ 28.Qxd1 Qc6
29.Qf3 f5 30.Nd2 Qb5 31.a4 Qxa4 32.Qd5+ Kf8 33.Nxc4 e4 34.Ne5 Qe8 35.Qe6 Kg7
36.g3 e3 37.Nf3 Qd8 38.Qxe3 Qd1+ 39.Kg2 Bd6 40.Qd4+ Qxd4 41.Nxd4 Kf6 42.Kf3 Ke5
43.h4 Kd5 44.b3 Be5 45.Ne2 Kc5 46.Ke3 Bf6 47.Kf4 a5 48.Nd4 Kd5 49.Ke3 Be5
50.Ne2 Ke6 51.Nf4+ Kf6 52.c4 g5 53.Nd5+ Ke6 54.hxg5 Bxg3 55.Nf4+ Ke5 56.Nd3+ Ke6
57.Nf4+ Ke5 58.Nh5 f4+ 59.Kf3 Kf5 60.Nxg3+ fxg3  1-0

[Event "Chalkidiki"]
[Site "Chalkidiki"]
[Date "1992.??.??"]
[Round "8"]
[White "Bologan, Viktor"]
[Black "Illescas Cordoba, Miguel"]
[Result "1/2-1/2"]
[WhiteElo "2555"]
[BlackElo "2600"]

1.e4 c5 2.Nf3 e6 3.d4 cxd4 4.Nxd4 Nc6 5.Nc3 Nf6 6.Ndb5 d6 7.Bf4 e5 8.Bg5 a6
9.Na3 b5 10.Nd5 Qa5+ 11.Bd2 Qd8 12.Bg5 Qa5+ 13.Bd2 Qd8  1/2-1/2

[Event "Chicago opI"]
[Site "Chicago"]
[Date "1992.??.??"]
[Round "5"]
[White "Sherzer, Alex"]
[Black "Stone, Raymond"]
[Result "1-0"]
[WhiteElo "2460"]
[BlackElo "2355"]

1.e4 c5 2.Nf3 Nc6 3.d4 cxd4 4.Nxd4 e6 5.Nc3 Qc7 6.Be2 a6 7.O-O Nf6 8.Be3 Be7
9.f4 d6 10.a4 O-O 11.Kh1 Rd8 12.Qe1 Nxd4 13.Bxd4 e5 14.Bg1 exf4 15.a5 Re8
16.Bb6 Qb8 17.Bd3 Be6 18.Rxf4 Nd7 19.Bd4 Ne5 20.Qg3 Bf8 21.Raf1 g6 22.h4 Bg7
23.h5 Qc7 24.Nd5 Bxd5 25.exd5 Rf8 26.b4 Rae8 27.c4 Nd7 28.Bxg7 Kxg7 29.c5 Ne5
30.Bb1 dxc5 31.Qc3 c4 32.Rf6 Kg8 33.h6 Ng4 34.d6 Qd7 35.Bf5  1-0

[Event "Chicago opI"]
[Site "Chicago"]
[Date "1992.??.??"]
[Round "7"]
[White "Karklins, Eric"]
[Black "Stone, Raymond"]
[Result "0-1"]
[WhiteElo "2320"]
[BlackElo "2355"]

1.e4 c5 2.Nf3 Nc6 3.d4 cxd4 4.Nxd4 e6 5.Nc3 Qc7 6.g3 d6 7.Bg2 a6 8.O-O Bd7
9.Nxc6 Bxc6 10.Qe2 Be7 11.a4 Nf6 12.a5 O-O 13.Bd2 Nd7 14.Rfc1 Bf6 15.Nd1 d5
16.Bb4 Rfe8 17.c3 Rad8 18.Rc2 Bb5 19.Qe1 Ne5 20.Ne3 dxe4 21.c4 Bc6 22.Bc3 Nd3
23.Qe2 Bxc3 24.Rxc3 f5 25.Nc2 Nxb2 26.Nb4 Na4 27.Rca3 Nc5 28.Nxc6 Qxc6 29.f3 Rd4
30.Re3 Red8 31.fxe4 Rd2 32.Qf1 fxe4 33.Rae1 Rf8  0-1

[Event "Coronel Suarez op"]
[Site "Coronel Suarez"]
[Date "1992.??.??"]
[Round "7"]
[White "Rosito, Jorge"]
[Black "Loiterstein, Mariano"]
[Result "1/2-1/2"]
[WhiteElo "2345"]
[BlackElo "2275"]

1.e4 c5 2.Nf3 e6 3.d4 cxd4 4.Nxd4 Nc6 5.Nc3 Qc7 6.Be2 a6 7.O-O Nf6 8.Be3 Be7
9.Kh1 O-O 10.f4 d6 11.Qe1 Nxd4 12.Bxd4 b5 13.a3 Bb7 14.Qg3 g6 15.Bd3 e5 16.Be3 Nh5
17.Qf2 Nxf4 18.Bxf4 exf4 19.Qxf4 Qc5 20.Nd5 Bxd5 21.exd5 f5 22.Qf3 Bf6 23.c3 Rae8
24.Rfe1 Re5 25.Rad1 Rfe8 26.Rxe5 Rxe5 27.Bf1 Kg7  1/2-1/2

[Event "Czestochowa op"]
[Site "Czestochowa"]
[Date "1992.??.??"]
[Round "4"]
[White "Bashkov, Viacheslav"]
[Black "Tregubov, Pavel V"]
[Result "1-0"]
[WhiteElo "2470"]
[BlackElo "2440"]

1.e4 c5 2.Nf3 Nc6 3.d4 cxd4 4.Nxd4 e6 5.Nc3 Qc7 6.Be2 a6 7.O-O Nf6 8.Be3 Bb4
9.Na4 b5 10.Nxc6 dxc6 11.Bc5 bxa4 12.Bxb4 c5 13.Ba3 Bb7 14.f3 Rd8 15.Qe1 O-O
16.Qc3 Nd7 17.Rad1 f5 18.Bc4 Rde8 19.exf5 Rxf5 20.Qd3 Bd5 21.Bxd5 Rxd5 22.Qxa6 Rh5
23.Qd6 Qxd6 24.Rxd6 Ne5 25.Ra6 Rd8 26.Rxa4 Rd2 27.Bxc5 Rxc2 28.Ra8+ Kf7 29.Ra7+ Kg8
30.Bd4 Rg5 31.g3 Nd3 32.Rd1 Nf4 33.Bxg7 Nh3+ 34.Kf1 Rd5 35.Rxd5 exd5 36.Bd4 Rxh2
37.Rg7+  1-0

[Event "EU-chT (Women)"]
[Site "Debrecen"]
[Date "1992.??.??"]
[Round "2"]
[White "Repkova Eid, Eva"]
[Black "Fomina, Tatyana"]
[Result "1-0"]
[WhiteElo "2250"]
[BlackElo "2250"]

1.e4 c5 2.Nf3 e6 3.d4 cxd4 4.Nxd4 Nc6 5.Nc3 Qc7 6.f4 d6 7.Be3 Nf6 8.Qf3 Bd7
9.O-O-O h5 10.h3 a6 11.Rg1 Rc8 12.Bd3 b5 13.g4 hxg4 14.hxg4 Nxd4 15.Bxd4 b4
16.Ne2 e5 17.Bf2 Bb5 18.Kb1 Nd7 19.Rgf1 Bc4 20.Rc1 f6 21.b3 Be6 22.f5 Bf7
23.c3 Qb7 24.cxb4 Rxc1+ 25.Rxc1 d5 26.Bc5 Bxc5 27.bxc5 Qc6 28.Nc3 d4 29.Na4 Ke7
30.Qe2 Rb8 31.Ka1 Bxb3 32.axb3 Rxb3 33.Nb2 Nxc5 34.g5 Rc3 35.gxf6+ gxf6 36.Rd1 Ra3+
37.Kb1 Qb6 38.Qg2 Rb3 39.Bc4 Rxb2+ 40.Qxb2 Qxb2+ 41.Kxb2  1-0

[Event "EU-chT (Men)"]
[Site "Debrecen"]
[Date "1992.??.??"]
[Round "5"]
[White "Tatai, Stefano"]
[Black "Gostisa, Leon"]
[Result "1-0"]
[WhiteElo "2410"]
[BlackElo "2430"]

1.e4 c5 2.Nf3 e6 3.d4 cxd4 4.Nxd4 Nc6 5.Nc3 Qc7 6.g3 a6 7.Bg2 Nf6 8.O-O d6
9.Re1 Be7 10.Nxc6 bxc6 11.e5 dxe5 12.Rxe5 O-O 13.Bf4 Qb7 14.Na4 Nd5 15.Bd2 Qc7
16.Re2 Rd8 17.Qe1 a5 18.c4 Nb4 19.Bf4 Bd6 20.Bxd6 Rxd6 21.a3 Nd3 22.Qc3 f6
23.Rd2 Ne5 24.Rxd6 Qxd6 25.c5 Qc7 26.Nb6 Ra7 27.Rd1 Nf7 28.Qf3 Ne5 29.Qe3 Nf7
30.Qe4 Ng5 31.Qxc6 Nh3+ 32.Kf1 Ba6+ 33.Ke1 Qe5+ 34.Qe4  1-0